The poets and poetry of the Hebrews /

Bibliographic Details
Main Author: Carhart, J. Wesley (John Wesley), 1834-1914
Format: Microform Book
Language:English
Published: New York : Sheldon & company, 1865.
Subjects:

MARC

Tag First Indicator Second Indicator Subfields
LEADER 00000cam a2200000 a 4500
001 in00001351921
005 20151006070937.0
007 hd afu---baca
008 860326s1865 nyu a 000 0 eng d
035 |a (OCoLC)13345318 
035 |9 AHH1997AM 
040 |a POG  |c POG  |d UtOrBLW 
049 |a TXAI 
090 |a PS586  |b .A450 pt. 3, no. 568 
099 |a film  |a B  |a 3870  |a  Segment III, no. 568) 
100 1 |a Carhart, J. Wesley  |q (John Wesley),  |d 1834-1914. 
245 1 4 |a The poets and poetry of the Hebrews /  |c by J. Wesley Carhart, D.D. 
264 1 |a New York :  |b Sheldon & company,  |c 1865. 
300 |a xii, 195 pages ;  |c 20 cm. 
336 |a text  |b txt  |2 rdacontent 
337 |a microform  |b h  |2 rdamedia 
338 |a microfilm reel  |b hd  |2 rdacarrier 
533 |a Microfilm.  |b Woodbrodge, Conn. :  |c Research Publications,  |d 1977.  |e 1 microfilm reel ; 35 mm.  |f (American Poetry, 1609-1900 ; Segment III, no. 568) 
539 |a s  |b 1977  |d ctu  |e n 
500 |a Microform. 
650 0 |a Hebrew poetry  |x History and criticism. 
999 |a MARS 
999 f f |s a1506060-0e36-3c90-a286-7d105bf86cf4  |i 65dda549-a2ed-34f0-a0e1-4e0b196c5f11  |t 0 
952 f f |p default  |a Texas A&M University  |b College Station  |c Sterling C. Evans Library  |d Evans: Microforms (3rd floor)  |t 0  |e film B 3870 Segment III, no. 568  |h Other scheme  |i microform -- microfilm reel 
998 f f |a film B 3870 Segment III, no. 568  |t 0  |l Evans: Microforms (3rd floor)